Subdivision capitals closest to Rovaniemi (FI) - Statistics

General Stats
  • This quiz has been taken 15 times
  • The average score is 12 of 20
Answer Stats
Distance (km) Answer % Correct
1 166 Oulu
100%
15 564 Tampere
100%
19 615 Hämeenlinna
83%
11 474 Jyväskylä
83%
8 426 Vaasa
83%
3 270 Kajaani
67%
4 320 Kokkola
67%
6 412 Kuopio
67%
18 614 Lahti
67%
10 449 Tromsø
67%
5 392 Umeå
67%
12 475 Joensuu
50%
20 617 Lappeenranta
50%
2 191 Luleå
50%
14 540 Mikkeli
50%
7 413 Murmansk
50%
17 590 Pori
50%
9 435 Seinäjoki
50%
16 568 Härnösand
33%
13 502 Bodø
0%
No matching quizzes found
Score Distribution
Percent of People with Each Score
Percentile by Number Answered
Your Score History
You have not taken this quiz